000 00332nam a22001457a 4500
008 210309b ||||| |||| 00| 0 eng d
020 _a0425169049
041 _aeng
080 _a336
082 _a336
100 _a56
101 _aFIN
245 _aSmart Questions to ask your Financial Advisor
_cBrenner, L
942 _2udc
_cBK
999 _c56087
_d56087